| 000 | 01770nam a2200289Ia 4500 | ||
|---|---|---|---|
| 999 |
_c49628 _d49628 |
||
| 001 | 16560 | ||
| 003 | GE_BSU | ||
| 005 | 20250212102010.0 | ||
| 008 | 181216s2015||||ge |||||||||||||| ||geo|| | ||
| 020 | _a9789941240768 | ||
| 040 | _cGE_BSU | ||
| 041 | _ageo | ||
| 080 | _a27-36 წ-71 | ||
| 245 |
_aწმინდა აბბა დოროთე / _cშემდგენელი სოფიო თავაძე ; გარეკანის დიზაინი ეთერ გზირიშვილი. |
||
| 264 |
_aთბილისი : _bპალიტრა L, _c2015. |
||
| 300 |
_a206 გვ. ; _c20 სმ. |
||
| 490 |
_aსაქართველოს იმედი II : ყველა წმინდანი, რომელთა შესახებაც უნდა იცოდე / პროექტის რედაქტორი თამარ მამაცაშვილი. _vწიგნი 30. |
||
| 500 | _aიბეჭდება სრულიად საქართველოს კათოლიკოს-პატრიარქის, უწმინდესისა და უნეტარესის ილია II-ის ლოცვა-კურთხევით | ||
| 541 | _h2ლ. | ||
| 653 | _aრელიგია | ||
| 653 | _aდოროთე | ||
| 653 | _aწმინდა აბბა დოროთე | ||
| 700 |
_aთავაძე, სოფიო _eშემდგენელი _924325 |
||
| 700 |
_aმამაცაშვილი, თამარ _eპროექტის რედაქტორი _924326 |
||
| 700 |
_aგზირიშვილი, ეთერ _eგარეკანის დიზაინერი _924327 |
||
| 942 |
_cBK _2udc |
||